00253nam a2200109Ia 4500008004100000041000800041082001000049100001500059245001600074260003600090650001700126240830s1989 xx 000 0 und d aeng a0 D.V aD.V. BODAS aRAS-SHASTRA bM.V.GRANTH MANDAL, NAGPURc1989 aRASA-SHASTRA